<?xml version="1.0" encoding="UTF-8"?>
<collection xmlns="http://www.loc.gov/MARC21/slim">
  <record>
    <leader>00000nam  2200000   4500</leader>
    <controlfield tag="001">INLIS000000000017589</controlfield>
    <controlfield tag="005">20240813023425</controlfield>
    <datafield tag="035" ind1="#" ind2="#">
      <subfield code="a">0010-0824000210</subfield>
    </datafield>
    <controlfield tag="007">ta</controlfield>
    <controlfield tag="008">240813################g##########0#ind##</controlfield>
    <datafield tag="020" ind1="#" ind2="#">
      <subfield code="a">978-6020-522-715</subfield>
    </datafield>
    <datafield tag="082" ind1="#" ind2="#">
      <subfield code="a">155.25</subfield>
    </datafield>
    <datafield tag="084" ind1="#" ind2="#">
      <subfield code="a">155.25 HAN g</subfield>
    </datafield>
    <datafield tag="100" ind1=" " ind2="#">
      <subfield code="a">Hansen, Morten T</subfield>
    </datafield>
    <datafield tag="245" ind1="1" ind2="#">
      <subfield code="a">Great At Work :</subfield>
      <subfield code="b">Bagaimana karyawan terbaik bekerja lebih sedikit, memiliki hasil lebih baik, dan pencapaian lebih tinggi /</subfield>
      <subfield code="c">Morten T Hansen</subfield>
    </datafield>
    <datafield tag="260" ind1="#" ind2="#">
      <subfield code="a">Jakarta :</subfield>
      <subfield code="b">Grasindo,</subfield>
      <subfield code="c">2022</subfield>
    </datafield>
    <datafield tag="300" ind1="#" ind2="#">
      <subfield code="a">368 hal. :</subfield>
      <subfield code="b">ilus. ;</subfield>
      <subfield code="c">23 cm</subfield>
    </datafield>
    <datafield tag="650" ind1="#" ind2="4">
      <subfield code="a">Pegawai</subfield>
    </datafield>
    <datafield tag="650" ind1="#" ind2="4">
      <subfield code="a">Efektivitas</subfield>
    </datafield>
    <datafield tag="650" ind1="#" ind2="4">
      <subfield code="a">Motivasi Diri</subfield>
    </datafield>
    <datafield tag="520" ind1="#" ind2="#">
      <subfield code="a">Mengapa sebagian orang memiliki performa yang lebih baik ketimbang yang rekan rekan lainnya ? Pertanyaan sederhana yang terdengar iseng ini terus menghantui para profesional di setiap sektor pekerjaan. Kinim setelah melakukan riset selama 5 tahun terhadap 5000 manajer dan pegawai, Morten T. Hansen mendapatkan jawabannya. Risetnya yang mendalam telah memunculkan tujuh praktik kerja cerdas yang dapat diaplikasikan oleh setiap orang yang berhasrat untuk memaksimalkan waktu dan performanya. Pemikirannya dikuatkan kisah-kisah nyata yang membuka mata- dari seorang pebisnis wanita yang melehitkan perusahaannya justru dengan berkata "tidak" pada pelanggan hingga seorang kepala sekolah yang dengan cerdas menyelamatkan sekolahnya yang dianggap gagal, juga seorang koki sushi tersohor di sebuah warung kecil yang sukses memenangkan 3 michdelin stars.</subfield>
    </datafield>
    <datafield tag="856" ind1="#" ind2="#">
      <subfield code="a">Perpustakaan LAN Pusat</subfield>
    </datafield>
    <datafield tag="990" ind1="#" ind2="#">
      <subfield code="a">155.25</subfield>
    </datafield>
  </record>
</collection>
